000 00744nam a2200265Ia 4500
003 OSt
005 20220918191131.0
006 a|||||r|||| 00| 0
007 ta
008 220917b |||||||| |||| 00| 0 eng d
024 _a61,615
037 _cTextual
040 _aARTS
_cARTS
_beng
041 _2eng
_aeng
082 _aQ42xD65:1, L1
100 _aBendall C
_975043
245 0 _aSiksha Samuccaya
_b a compendium of Buddhist Doctrine
260 _aDelhi
_bMotilal India
_c1971
300 _aviii, 328p.
_ccm.
650 _aJAINISM
700 _a Rouse W H D
_975044
700 _a Santideva Co.
_975045
942 _hQ42xD65:1, L1
_cTEXL
_2CC
999 _c188443
_d188443